[Event "Rhein Main op-A 19th"]
[Site "Bad Homburg"]
[Date "2016.05.28"]
[Round "5"]
[White "Bollmann, Henrik"]
[Black "Henrich, David"]
[Result "0-1"]
[WhiteElo "2142"]
[BlackElo "2159"]
[PlyCount "216"]
[EventDate "2016.05.25"]
[EventType "swiss"]
[EventRounds "7"]
[EventCountry "GER"]
[SourceTitle "EXT 2017"]
[Source "ChessBase"]
[SourceDate "2016.10.25"]
[SourceVersion "1"]
[SourceVersionDate "2016.10.25"]
[SourceQuality "1"]

1. Nf3 Nf6 2. c4 g6 3. g3 Bg7 4. Bg2 d6 5. d4 0-0 6. Nc3 Nc6 7. 0-0 Bf5 8. b3 Rb8 9. Bb2 a6 10. Rc1 Qd7 11. d5 Nd8 12. Qd2 Bh3 13. Rfd1 Bxg2 14. Kxg2 e5 15. dxe6 Nxe6 16. Qc2 Qe7 17. Nd5 Nxd5 18. cxd5 Bxb2 19. Qxb2 Nc5 20. b4 Ne4 21. Rc4 Nf6 22. Rd2 Rfc8 23. Qd4 Ne8 24. Rdc2 Ng7 25. a3 Ne8 26. Qf4 Qf6 27. Qc1 Qe7 28. Qh6 Qf8 29. Qf4 Qg7 30. h4 h5 31. Qe4 Nf6 32. Qd3 Ne8 33. Ng5 Rd8 34. Rf4 Rd7 35. Qf3 Re7 36. e3 Rd8 37. Kh2 Rdd7 38. Kg2 Qa1 39. e4 Qg7 40. Nh3 Re5 41. Qd3 Rd8 42. Ng5 Re7 43. Rc4 Ra8 44. Rf3 Nf6 45. Qc3 Ne8 46. Qc2 Rb8 47. Re3 Rd8 48. Rb3 Ra8 49. Rb1 Ra7 50. a4 b5 51. Rc6 Qd4 52. Qc3 Rxe4 53. Qf3 Re7 54. axb5 axb5 55. Rcc1 Ra2 56. Rd1 Qf6 57. Re1 Qxf3+ 58. Nxf3 Rxe1 59. Rxe1 Nf6 60. Nd4 Nxd5 61. Nxb5 Rc2 62. Re4 Kg7 63. Kf3 f5 64. Re2 Rc4 65. Rb2 Kf6 66. Ke2 Ke5 67. Kd3 Rxb4 68. Re2+ Kf6 69. Nd4 Ra4 70. Nb5 Ra5 71. Nd4 Ra3+ 72. Kc4 Rc3+ 73. Kb5 Rc5+ 74. Ka6 Rc4 75. Nf3 Re4 76. Rd2 Ne7 77. Kb7 Rc4 78. Re2 Re4 79. Rd2 Rc4 80. Re2 Nc6 81. Ng5 Nd4 82. Nh7+ Kf7 83. Ng5+ Kf8 84. Re3 c5 85. Kc7 f4 86. gxf4 Nf5 87. Kd7 Kg7 88. Ke8 d5 89. Ra3 Nd6+ 90. Kd7 Ne4 91. Ne6+ Kf6 92. Ng5 Kf5 93. Ne6 d4 94. f3 Nf6+ 95. Kd6 Ne8+ 96. Kd5 Rc3 97. Ra8 Nf6+ 98. Kd6 d3 99. Ra4 Nh7 100. Ke7 g5 101. Kf7 gxf4 102. Re4 Ng5+ 103. hxg5 d2 104. Rxf4+ Ke5 105. g6 d1Q 106. Re4+ Kd6 107. g7 Rxf3+ 108. Nf4 Qd5+ 0-1

[Event "Rhein Main op-A 19th"]
[Site "Bad Homburg"]
[Date "2016.05.28"]
[Round "6"]
[White "Mews, Bernhard"]
[Black "Bollmann, Henrik"]
[Result "1/2-1/2"]
[WhiteElo "2049"]
[BlackElo "2142"]
[PlyCount "54"]
[EventDate "2016.05.25"]
[EventType "swiss"]
[EventRounds "7"]
[EventCountry "GER"]
[SourceTitle "EXT 2017"]
[Source "ChessBase"]
[SourceDate "2016.10.25"]
[SourceVersion "1"]
[SourceVersionDate "2016.10.25"]
[SourceQuality "1"]

1. e4 c5 2. Nf3 e6 3. d4 cxd4 4. Nxd4 a6 5. Nc3 Qc7 6. Bd3 Nc6 7. Nb3 Nf6 8. Qe2 b5 9. a3 Be7 10. f4 d6 11. Bd2 Bb7 12. 0-0 0-0 13. Rae1 Rfe8 14. Kh1 Bf8 15. e5 Nd7 16. exd6 Bxd6 17. Ne4 Bf8 18. Rf3 Ne7 19. Ba5 Qc6 20. Rh3 Ng6 21. Bd2 Be7 22. Na5 Qc7 23. Nxb7 Qxb7 24. Rf1 Rad8 25. Bc3 Qc7 26. Ng5 Bxg5 27. fxg5 Ndf8 1/2-1/2

[Event "Rhein Main op-A 19th"]
[Site "Bad Homburg"]
[Date "2016.05.27"]
[Round "4"]
[White "Schmitzer, Klaus"]
[Black "Bollmann, Henrik"]
[Result "1/2-1/2"]
[WhiteElo "2268"]
[BlackElo "2142"]
[PlyCount "67"]
[EventDate "2016.05.25"]
[EventType "swiss"]
[EventRounds "7"]
[EventCountry "GER"]
[SourceTitle "EXT 2017"]
[Source "ChessBase"]
[SourceDate "2016.10.25"]
[SourceVersion "1"]
[SourceVersionDate "2016.10.25"]
[SourceQuality "1"]

1. e4 c5 2. Nf3 e6 3. d4 cxd4 4. Nxd4 a6 5. Nc3 Qc7 6. Bd3 Nc6 7. Be3 Nf6 8. Qe2 b5 9. 0-0-0 Bb4 10. Nxc6 dxc6 11. Nb1 e5 12. Nd2 c5 13. c3 Ba5 14. f3 Be6 15. Kb1 Rc8 16. Bc2 c4 17. a3 Qb8 18. Nf1 0-0 19. g4 Rfd8 20. Ng3 Rxd1+ 21. Rxd1 Rd8 22. g5 Rxd1+ 23. Qxd1 Ne8 24. Nf5 Qd8 25. Qg1 Nd6 26. Bc5 Nc8 27. Qg3 Qc7 28. Be3 Bb6 29. Bd2 Qc5 30. Be3 Qc7 31. Bc1 Qc5 32. Be3 Qc7 33. Bd2 Qc5 34. Be3 1/2-1/2

[Event "Rhein Main op-A 18th"]
[Site "Bad Homburg"]
[Date "2015.06.07"]
[Round "7"]
[White "Heinemann, Josefine"]
[Black "Bollmann, Henrik"]
[Result "1/2-1/2"]
[WhiteElo "2311"]
[BlackElo "2116"]
[PlyCount "146"]
[EventDate "2015.06.03"]
[EventType "swiss"]
[EventRounds "7"]
[EventCountry "GER"]
[SourceTitle "CBM 167 Extra"]
[Source "ChessBase"]
[SourceDate "2015.09.14"]
[SourceVersion "1"]
[SourceVersionDate "2015.09.14"]
[SourceQuality "1"]

1. e4 c5 2. Nf3 e6 3. d4 cxd4 4. Nxd4 a6 5. Bd3 g6 6. f4 Bg7 7. Nf3 Ne7 8. c3 Nbc6 9. 0-0 0-0 10. Qe2 d6 11. Be3 b5 12. a3 Qc7 13. Nbd2 Bd7 14. Nb3 e5 15. fxe5 Nxe5 16. Nxe5 dxe5 17. Nc5 Nc8 18. Nxd7 Qxd7 19. Bc2 Qc6 20. Bb3 Nb6 21. Bxb6 Qxb6+ 22. Kh1 Rad8 23. Rf3 Rd7 24. Raf1 Qa7 25. Bd5 Kh8 26. g4 Bh6 27. Qe1 Bf4 28. Qh4 f6 29. Qh3 Rfd8 30. Qh4 Rf8 31. Qe1 Rd6 32. c4 bxc4 33. Qc3 Qd7 34. Qb4 Rd8 35. h3 Qc7 36. Qc3 Rb6 37. b4 a5 38. b5 Kg7 39. Qxa5 Qb8 40. Bc6 Rd3 41. Qb4 Qd8 42. Bd5 Rb8 43. a4 f5 44. gxf5 gxf5 45. Qxc4 Rxf3 46. Rxf3 Rc8 47. Qf1 fxe4 48. Bxe4 Qd2 49. Qg2+ Qxg2+ 50. Kxg2 Rc4 51. Bc6 Rxa4 52. Rb3 Rc4 53. Kf3 Bd2 54. b6 e4+ 55. Bxe4 Rc3+ 56. Rxc3 Bxc3 57. b7 Be5 58. Kg4 Bb8 59. Kf5 Kf7 60. h4 Kg7 61. Ke6 h5 62. Bf3 Kh6 63. Kf7 Bh2 64. Ke7 Bg3 65. Kd7 Kg6 66. Kc8 Kh6 67. b8Q Bxb8 68. Kxb8 Kg6 69. Kc7 Kg7 70. Kd7 Kh7 71. Ke6 Kg7 72. Ke7 Kh7 73. Kf7 Kh8 1/2-1/2

[Event "Rhein Main op-A 17th"]
[Site "Bad Homburg"]
[Date "2014.06.22"]
[Round "7"]
[White "Wagner, Dirk"]
[Black "Bollmann, Henrik"]
[Result "1-0"]
[WhiteElo "2030"]
[BlackElo "2126"]
[PlyCount "123"]
[EventDate "2014.06.18"]
[EventType "swiss"]
[EventRounds "7"]
[EventCountry "GER"]
[SourceTitle "CBM 161 Extra"]
[Source "ChessBase"]
[SourceDate "2014.08.29"]
[SourceVersion "1"]
[SourceVersionDate "2014.08.29"]
[SourceQuality "1"]

1. d4 d5 2. c4 e6 3. Nc3 c6 4. cxd5 exd5 5. Nf3 Bd6 6. Bg5 Ne7 7. e3 f6 8. Bh4 Bf5 9. Bg3 0-0 10. Bd3 Re8 11. Qc2 Bxd3 12. Qxd3 a5 13. 0-0 Bxg3 14. hxg3 Nd7 15. b3 Nc8 16. Rac1 Nd6 17. Rfd1 Qe7 18. Na4 Qf7 19. Nc5 Nb6 20. a4 Re7 21. Nh4 g6 22. Nf3 Nf5 23. g4 Nd6 24. g5 Ne4 25. gxf6 Qxf6 26. Qe2 Nxc5 27. Rxc5 Nd7 28. Rc2 Qd6 29. Rdc1 Rf8 30. Qe1 Qc7 31. b4 axb4 32. Qxb4 Ree8 33. a5 Ra8 34. Qe7 Rfe8 35. Qh4 Rxa5 36. g3 Qd8 37. Qh3 Qe7 38. Kg2 Rea8 39. Rb2 R5a7 40. Rh1 b6 41. Qh6 b5 42. Ng5 Nf8 43. Rc2 Rc8 44. Qh3 Rcc7 45. Qg4 Ra4 46. Rcc1 Qf6 47. Rc2 Rca7 48. Rhc1 Rc4 49. Nf3 Nd7 50. Nd2 Rxc2 51. Rxc2 Nb6 52. Nf3 Nc4 53. Qc8+ Kg7 54. Ne5 Nxe5 55. dxe5 Qxe5 56. Qxc6 Qe4+ 57. Kh2 Kh6 58. Rc1 Ra2 59. Qf6 Qxe3 60. Qh4+ Kg7 61. Rc7+ Kf8 62. Qd8+ 1-0

[Event "Rhein Main op-A 16th"]
[Site "Bad Homburg"]
[Date "2013.06.01"]
[Round "6"]
[White "Bollmann, Henrik"]
[Black "Mager, Denis"]
[Result "1/2-1/2"]
[WhiteElo "2133"]
[BlackElo "2006"]
[PlyCount "85"]
[EventDate "2013.05.29"]
[EventType "swiss"]
[EventRounds "7"]
[EventCountry "GER"]
[SourceTitle "EXT 2014"]
[Source "ChessBase"]
[SourceDate "2013.11.20"]
[SourceVersion "1"]
[SourceVersionDate "2013.11.20"]
[SourceQuality "1"]

1. c4 Nf6 2. Nf3 g6 3. g3 Bg7 4. Bg2 c6 5. d4 d5 6. Nbd2 0-0 7. 0-0 Ne4 8. e3 Bf5 9. Qb3 Qb6 10. Qxb6 axb6 11. cxd5 cxd5 12. Nh4 Nxd2 13. Bxd2 Be4 14. Rfc1 Bxg2 15. Nxg2 Nc6 16. Nf4 e6 17. Nd3 Rfc8 18. Kf1 Kf8 19. Ke2 Ke8 20. Bc3 Kd7 21. g4 Bf8 22. h3 Bd6 23. f3 b5 24. Be1 b6 25. Kd1 Na5 26. Rxc8 Rxc8 27. b3 f6 28. Rc1 Rxc1+ 29. Kxc1 e5 30. Bxa5 bxa5 31. a4 bxa4 32. bxa4 Kc6 33. f4 e4 34. Ne1 Bb4 35. Ng2 Kd6 36. Kd1 Bc3 37. Ke2 Bb4 38. Kf2 Ke7 39. Kg3 Bd2 40. Kf2 f5 41. Kg3 Kf6 42. Kh4 Bc1 43. g5+ 1/2-1/2

[Event "Rhein Main op-A 16th"]
[Site "Bad Homburg"]
[Date "2013.06.01"]
[Round "5"]
[White "Isserman, Ryhor"]
[Black "Bollmann, Henrik"]
[Result "1-0"]
[WhiteElo "2335"]
[BlackElo "2133"]
[PlyCount "49"]
[EventDate "2013.05.29"]
[EventType "swiss"]
[EventRounds "7"]
[EventCountry "GER"]
[SourceTitle "EXT 2014"]
[Source "ChessBase"]
[SourceDate "2013.11.20"]
[SourceVersion "1"]
[SourceVersionDate "2013.11.20"]
[SourceQuality "1"]

1. e4 c5 2. Nf3 e6 3. d4 cxd4 4. Nxd4 a6 5. Bd3 g6 6. 0-0 Bg7 7. c3 Ne7 8. Bg5 Nbc6 9. Nxc6 bxc6 10. Qf3 0-0 11. Bf6 d6 12. c4 Bxf6 13. Qxf6 c5 14. e5 Rb8 15. Nc3 dxe5 16. Qxe5 Nc6 17. Qe3 Qd4 18. Na4 Rd8 19. Rad1 Qxe3 20. fxe3 Ne5 21. Be4 Rf8 22. b3 f5 23. Bf3 Nd7 24. Rd6 e5 25. Bd5+ 1-0